| 000 | 00507nam a2200181Ia 4500 | ||
|---|---|---|---|
| 008 | 151018s9999 xx 000 0 und d | ||
| 082 |
_bRBASDV43620 _a891.463 |
||
| 100 | _aनिशा लोढा | ||
| 245 | _aविधिलिखित | ||
| 250 | _b1 | ||
| 260 |
_bमेघना _c2007 |
||
| 300 | _a232 | ||
| 600 | _aनिशा लोढा | ||
| 630 | _aविधिलिखित | ||
| 700 | _aनिशा लोढा | ||
| 730 | _aविधिलिखित | ||
| 942 | _cBOOK | ||
| 999 |
_c1042833 _d1042830 |
||